Nuevos enfoques en la enseñanza de la química
Uloženo v:
| Médium: | Kniha |
|---|---|
| Jazyk: | španělština |
| Vydáno: |
Santiago
OREALC
1983
|
| Témata: | |
| Tagy: |
Přidat tag
Žádné tagy, Buďte první, kdo vytvoří štítek k tomuto záznamu!
|
MARC
| LEADER | 00000nam a2200000 a 4500 | ||
|---|---|---|---|
| 001 | UCW5872 | ||
| 003 | CL-VaPUC | ||
| 008 | 910819e19830000CL |||||||||||||||||spa|d | ||
| 082 | 0 | 4 | |a 372.354 |b NUE |2 21 |
| 245 | 1 | 0 | |a Nuevos enfoques en la enseñanza de la química |
| 300 | |a 314 p | ||
| 942 | |c BK | ||
| 945 | |d 19910819 00:00:00 | ||
| 260 | |a Santiago |b OREALC |c 1983 | ||
| 650 | 7 | |a QUIMICA ENSEÑANZA |2 CL-VaPUC |9 310939 | |
| 583 | |a last modification |c 19910819 00:00:00 |k Rodrigo Vera | ||
| 999 | |c 219183 |d 219181 | ||
| 952 | |0 0 |1 0 |4 0 |6 372_354000000000000_NUE_1983 |7 0 |8 P |9 209774 |a BIBEDU |b BIBEDU |c BIBEDU_PB |d 2019-11-15 |i 2776537 |o 372.354 NUE 1983 |p 2776537 |r 2024-01-25 |w 2019-11-15 |y BK |k EDU | ||
| 952 | |0 0 |1 0 |4 0 |6 372_354000000000000_NUE_1983 |7 0 |8 P |9 209775 |a BIBEDU |b BIBEDU |c BIBEDU_PB |d 2019-11-15 |i 2776545 |o 372.354 NUE 1983 |p 2776545 |r 2024-01-25 |w 2019-11-15 |y BK |k EDU | ||